| 000 -LEADER |
| fixed length control field |
00449nam a2200169Ia 4500 |
| 003 - CONTROL NUMBER IDENTIFIER |
| control field |
OSt |
| 005 - DATE AND TIME OF LATEST TRANSACTION |
| control field |
20220315150420.0 |
| 008 - FIXED-LENGTH DATA ELEMENTS--GENERAL INFORMATION |
| fixed length control field |
220308s9999 xx 000 0 und d |
| 020 ## - INTERNATIONAL STANDARD BOOK NUMBER |
| International Standard Book Number |
9781876907815 |
| 082 ## - DEWEY DECIMAL CLASSIFICATION NUMBER |
| Classification number |
720.483 |
| Item number |
BIN |
| 100 ## - MAIN ENTRY--PERSONAL NAME |
| Personal name |
Binder, Georges |
| 245 #0 - TITLE STATEMENT |
| Title |
Tall buildings of Europe, Middle East and Africa |
| 260 ## - PUBLICATION, DISTRIBUTION, ETC. (IMPRINT) |
| Name of publisher, distributor, etc |
Images Publishing Group Pty Ltd; 1st edition (1 January 2007) |
| 365 ## - TRADE PRICE |
| Price type code |
USD |
| 365 ## - TRADE PRICE |
| Unit of pricing |
75 |
| 942 ## - ADDED ENTRY ELEMENTS (KOHA) |
| Source of classification or shelving scheme |
|